<?xml version="1.0" encoding="UTF-8"?>
<record
    xmlns:xsi="http://www.w3.org/2001/XMLSchema-instance"
    xsi:schemaLocation="http://www.loc.gov/MARC21/slim http://www.loc.gov/standards/marcxml/schema/MARC21slim.xsd"
    xmlns="http://www.loc.gov/MARC21/slim">

  <leader>01237nab a2200253   4500</leader>
  <controlfield tag="003">AR-RoBPED</controlfield>
  <controlfield tag="005">20260407140740.0</controlfield>
  <controlfield tag="008">260407b        |||||||| |||| 00| 0 spa d</controlfield>
  <datafield tag="040" ind1=" " ind2=" ">
    <subfield code="a">AR-RoBPED</subfield>
  </datafield>
  <datafield tag="041" ind1=" " ind2=" ">
    <subfield code="a">spa</subfield>
  </datafield>
  <datafield tag="100" ind1="1" ind2=" ">
    <subfield code="a">Karapen, Nahuel</subfield>
    <subfield code="9">29919</subfield>
    <subfield code="e">Licenciado y profesor en Ciencias de la Educaci&#xF3;n </subfield>
  </datafield>
  <datafield tag="245" ind1="1" ind2="3">
    <subfield code="a">La intervenci&#xF3;n como objeto-problema en la instituci&#xF3;n educativa.</subfield>
    <subfield code="b">Coordenadas para situar un pensamiento-acci&#xF3;n en movimiento /</subfield>
  </datafield>
  <datafield tag="260" ind1=" " ind2=" ">
    <subfield code="a">Buenos Aires :</subfield>
    <subfield code="b">Noveduc,</subfield>
    <subfield code="c">2025</subfield>
  </datafield>
  <datafield tag="300" ind1=" " ind2=" ">
    <subfield code="a">36-39 p.</subfield>
  </datafield>
  <datafield tag="500" ind1=" " ind2=" ">
    <subfield code="a">Se presenta una lectura problematizadora de las intervenciones en la escuela, entendiendo que la manera en que los actores institucionales ven al cotidiano escolar afecta la forma de intervenir. desde all&#xED;, se brindan propuestas de c&#xF3;mo pensar y promover el accionar institucional. </subfield>
  </datafield>
  <datafield tag="650" ind1=" " ind2="7">
    <subfield code="a">ESCUELA</subfield>
    <subfield code="9">20136</subfield>
  </datafield>
  <datafield tag="650" ind1=" " ind2="7">
    <subfield code="a">COMPORTAMIENTO DEL ALUMNO</subfield>
    <subfield code="9">11446</subfield>
  </datafield>
  <datafield tag="650" ind1=" " ind2="7">
    <subfield code="a">CONVIVENCIA</subfield>
    <subfield code="9">911</subfield>
  </datafield>
  <datafield tag="650" ind1=" " ind2="7">
    <subfield code="a">CONDUCTA DEL ALUMNO</subfield>
    <subfield code="9">16689</subfield>
  </datafield>
  <datafield tag="650" ind1=" " ind2="7">
    <subfield code="a">INSTITUCIONES EDUCATIVAS</subfield>
    <subfield code="9">1049</subfield>
  </datafield>
  <datafield tag="773" ind1="0" ind2=" ">
    <subfield code="0">20414</subfield>
    <subfield code="9">41867</subfield>
    <subfield code="d">Buenos Aires :  Noveduc,  1993-</subfield>
    <subfield code="t">Novedades Educativas</subfield>
    <subfield code="w">(AR-RoBPED)20414</subfield>
    <subfield code="x">03283534</subfield>
  </datafield>
  <datafield tag="942" ind1=" " ind2=" ">
    <subfield code="2">udc</subfield>
    <subfield code="c">REV</subfield>
    <subfield code="h">37(05)</subfield>
    <subfield code="m">Nov 86 N&#xBA; 400 (Febr.2025)</subfield>
    <subfield code="a">k.32515</subfield>
  </datafield>
  <datafield tag="945" ind1=" " ind2=" ">
    <subfield code="a">mar 04/2026</subfield>
  </datafield>
  <datafield tag="999" ind1=" " ind2=" ">
    <subfield code="c">32515</subfield>
    <subfield code="d">32515</subfield>
  </datafield>
</record>
